书目信息 |
| 题名: |
公安民警备考攻略
|
|
| 作者: | 朱庆芳 主编 | |
| 分册: | ||
| 出版信息: | 北京 中国铁道出版社 2006.11 |
|
| 页数: | 339页 | |
| 开本: | 26cm | |
| 丛书名: | ||
| 单 册: | ||
| 中图分类: | D631.13 | |
| 科图分类: | ||
| 主题词: | 警察--招聘 | |
| 电子资源: | ||
| ISBN: | 7-113-07444-8 | |
| 000 | 00650 nam 000229 | |
| 001 | 0100000401 | |
| 005 | 20070902152728.77 | |
| 010 | @a7-113-07444-8@dCNY38.00 | |
| 100 | @a20070717d2006 em y0chiy0121 ea | |
| 101 | @achi | |
| 102 | @aCN@b110000 | |
| 105 | @ay z 000yy | |
| 200 | 10 | @a公安民警备考攻略@9gong an min jing bei kao gong lue@f朱庆芳主编@Fzhu qing fang zhu bian |
| 210 | @a北京@c中国铁道出版社@d2006.11 | |
| 215 | @a339页@d26cm | |
| 300 | @a新编国家公务员录用考试教材 | |
| 606 | @a警察@x招聘 | |
| 690 | @aD631.13@v4 | |
| 701 | 0 | @a朱庆芳@9zhu qing fang@4主编 |
| 801 | @aCN@c20070902 | |
| 901 | @a000002 | |
| 905 | @dD631.13@eZ860 | |
| 公安民警备考攻略/朱庆芳主编.-北京:中国铁道出版社,2006.11 |
| 339页;26cm |
| 新编国家公务员录用考试教材 |
| ISBN 7-113-07444-8:CNY38.00 |
| ● |
| 相关链接 |
|
|
|
正题名:公安民警备考攻略
索取号:D631.13/Z860
 
预约/预借
| 序号 | 登录号 | 条形码 | 馆藏地/架位号 | 状态 | 备注 |
| 1 | 642738 | 206427384 | 社科库509/509社科库 74排6列3层/ [索取号:D631.13/Z860] | 在馆 | |
| 2 | 642739 | 206427393 | 社科库509/509社科库 74排6列3层/ [索取号:D631.13/Z860] | 在馆 | |
| 3 | 642740 | 206427400 | 社科库509/509社科库 74排6列3层/ [索取号:D631.13/Z860] | 在馆 |